| 000 | 012850000a22003250004500 | ||
|---|---|---|---|
| 003 | EG-GICUC | ||
| 005 | 20250223025055.0 | ||
| 008 | 071119s2001 ua f m 000 0 eng d | ||
| 040 |
_aEG-GICUC _beng _cEG-GICUC |
||
| 041 | 0 | _aEng | |
| 049 | _aDeposite | ||
| 097 | _aPh.D | ||
| 099 | _aCai01.11.33.Ph.D.2001.Sa.S | ||
| 100 | 0 | _aSawa Mokhtar Mostafa | |
| 245 | 1 | 0 |
_aStudy of oesophageal motility and gastrooesophageal reflux after endoscopic injection sclerotherapy / _cSawa Mokhtar Mostafa ; Supervised Abul Dahab Mahmoud Elsahly , Serag Eldeen Zakaria , Ayman Yosry Abdelrahim |
| 246 | 1 | 5 | _aدراسة حركية المرئ و الارتجاع المعدى بعد حقن دوالى المرئ |
| 260 |
_aCairo : _bSawa Mokhtar Mostafa , _c2001 |
||
| 300 |
_a3297P. ; _c25cm |
||
| 502 | _aThesis (Ph.D.) - Cairo University - Faculty Of Medicine - Department Of Tropical Medicine | ||
| 653 | 4 | _aendoscopic injection | |
| 653 | 4 | _agastrooesophageal | |
| 653 | 4 | _aoesophageal motility | |
| 700 | 0 |
_aAbul Dahab Mahmoud Elsahly , _eSupervisor |
|
| 700 | 0 |
_aAyman Yosry Abdelrahim , _eSupervisor |
|
| 700 | 0 |
_aSerag Eldeen Zakaria , _eSupervisor |
|
| 856 | _uhttp://172.23.153.220/th.pdf | ||
| 905 |
_aAml _eCataloger |
||
| 905 |
_aEsam _eRevisor |
||
| 942 |
_2ddc _cTH |
||
| 999 |
_c5045 _d5045 |
||